000 00234nam a22000857a 4500
008 161125b xxu||||| |||| 00| 0 eng d
100 _91417
_aYoung Learners
245 _aPuss in Boots
260 _aNew delhi
_bYoung Learners Publication
_c2011
999 _c4137
_d4137